Central Library OPAC University of Rajshahi

:جديد فارسى شاعرى / Jadīd fārsī shāʻirī / (Record no. 83863)

MARC details
000 -LEADER
fixed length control field 00826cam a2200241 i 4500
001 - CONTROL NUMBER
control field 83863)
003 - CONTROL NUMBER IDENTIFIER
rucl marc code BD-RjUL
005 - DATE AND TIME OF LATEST TRANSACTION
control field 20250310130920.0
008 - FIXED-LENGTH DATA ELEMENTS--GENERAL INFORMATION
fixed length control field 250310s1988 ii b 001 0 urdo
020 ## - INTERNATIONAL STANDARD BOOK NUMBER
Terms of availability Rs42.00
035 ## - SYSTEM CONTROL NUMBER
System control number (BD-RjUL)83863)
040 ## - CATALOGING SOURCE
Original cataloging agency DLC
Transcribing agency DLC
Modifying agency DLC
Language of cataloging eng
041 ## - LANGUAGE CODE
Language code of text/sound track or separate title urd
082 ## - DEWEY DECIMAL CLASSIFICATION NUMBER
Edition number 23
Classification number 891.55109
Author mark and year ABJ 1988
100 1# - MAIN ENTRY--PERSONAL NAME
Personal name عابدی ، سید محمد تقی علی ;; Abdi, Syed Muhammad Taqi Ali
Dates associated with a name 1924
9 (RLIN) 13254
245 10 - TITLE STATEMENT
Title :جديد فارسى شاعرى / Jadīd fārsī shāʻirī /
Statement of responsibility, etc. :سید محمد تقی علی عابدی, - Syed Muhammad Taqi Ali Abidi
260 ## - PUBLICATION, DISTRIBUTION, ETC. (IMPRINT)
Place of publication, distribution, etc. Lakhnuw :
Name of publisher, distributor, etc. Nami Press,
Date of publication, distribution, etc. 1988
300 ## - PHYSICAL DESCRIPTION
Pagination 236 pages ;
Size 22 cm.
500 ## - GENERAL NOTE
General note In Urdu.
General note Includes index.
650 #0 - SUBJECT ADDED ENTRY--TOPICAL TERM
Topical term or geographic name as entry element Persian poetry
Chronological subdivision 20th century
General subdivision History and criticism.
9 (RLIN) 13255
942 ## - ADDED ENTRY ELEMENTS (KOHA)
Source of classification or shelving scheme Dewey Decimal Classification
Koha item type Books
Holdings
Lost status Source of classification or shelving scheme Damaged status Not for loan Collection code Permanent Location Current Location Shelving location Date acquired Full call number Date last seen Copy number Koha item type
  Dewey Decimal Classification   Not For Loan Non-fiction Central Library, University of Rajshahi Central Library, University of Rajshahi Reading Room 10/03/2025 U 891.55109 ABJ 1988 10/03/2025 C-1 Books